| 000 | 00642nam a2200193 a 4500 | ||
|---|---|---|---|
| 005 | 20240924064131.0 | ||
| 008 | 991125s1977 mx 000 0 spa u | ||
| 035 | _aUPN01000000080 | ||
| 049 | _aCG | ||
| 050 | 4 |
_aL227 _bG3.2 |
|
| 100 | 1 | _aGarcía Escamilla, Hermelinda G. de | |
| 245 | 1 | 0 |
_a40 Años de una experiencia educativa / _cHermelinda G. de García Escamilla, José García Escamilla. |
| 260 |
_aMéxico : _bH. G. de García Escamilla, _c1977. |
||
| 300 |
_a337 p. : _bil. |
||
| 650 | 4 |
_aEducación _zMéxico _95405 |
|
| 650 | 4 |
_aHUERFANOS Y ORFANATORIOS - _zMEXICO _918438 |
|
| 700 | 1 |
_aGarcía Escamilla, José, _ecoaut. |
|
| 905 | _aLibro | ||
| 999 |
_c80 _d80 |
||